Responses for Show #6509 - Thursday, December 27, 2012

Contestants

[<< previous game]

Allen Park, a refugee affairs officer from Washington, D.C.

Nichole Mancone, a college registrar from Providence, Rhode Island

Kris Hamilton, a computer technician from Dublin, Ohio (whose 3-day cash winnings total $60,301)

[next game >>]

Jeopardy! Round responses

ANAGRAMMED AMERICA
SCHOOLING AROUND
YOUR CHOICE OF 3
HIGH SCORERS
IRAN
ENDS IN "Y"
    $200 26
Anchorage

Allen
    $200 16
cap & gown

Kris
    $200 7
"Goldilocks and the Three Bears"

Allen
    $200 22
Rickey Henderson

Allen
    $200 1
Tehran

Nichole
    $200 2
balcony

Nichole
    $400 27
Rio Grande

Kris
    $400 17
Phys. Ed.

Allen
    $400 9
armadillo

Nichole
    $400 21
(Kris: Who is Wayne Gretzky?)
(Allen: Who is Jimmy Esposito?)
...
(Alex: Who was [*]. How quickly they forget.)

Phil Esposito

KrisAllen
Triple Stumper
    $400 8
Ayatollah Khomeini

Nichole
    $400 3
embassy

Kris
    $600 28
Four Corners

Kris
    $600 18
redshirt

Nichole
    $600 10
The Three Musketeers

Allen
    $600 23
soccer

Kris
    $600 11
(Nichole: What is the Black Sea?)

the Caspian Sea

KrisNichole
    $600 4
wallaby

Nichole
    $800 29
the Black Hills

Allen
    $800 19
a mnemonic device

Kris
    $800 14
a triathlon

Kris
    $800 24
three-pointers

Allen
    $2,000 12
(Alex: [*], Allāhu Akbar.)

"God Is Great"

Kris
    $800 5
mahogany

Nichole
    $1000 30
(Alex: And that anagrams to the state of [*].)

North Carolina

Triple Stumper
    $1000 20
O-levels

Triple Stumper
    $1000 15
(Nichole: What is Ceberus?)
...
(Alex: Nichole, you left out one important letter.
It's a consonant.
You can't buy consonants, only vowels. It's [*].)

Cerberus

Nichole
Triple Stumper
    $1000 25
(Alex: And with that, we have a less than a minute to deal with these last clues.)

Adrian Peterson

Allen
    $1000 13
a centrifuge

Kris
    $1000 6
(Nichole: What is a litany?)

homily

KrisNichole

Scores at the first commercial break (after clue 15):

Kris Nichole Allen
$5,800 $0 $800

Scores at the end of the Jeopardy! Round:

Kris Nichole Allen
$8,000 $600 $3,800

Double Jeopardy! Round responses

SPEED WRITING
BEVERAGE BRANDS
THEIR ALBUM ROCKS!
FAMILIAR PHRASES
"OF" MEN
& MICE
    $400 14
romance

Kris
    $400 11
Celestial

Nichole
    $400 26
The Rolling Stones

Nichole
    $400 1
spitting image

Kris
    $400 6
the Sheriff of Nottingham

Allen
    $400 21
tail

Allen
    $800 15
Chekov

Nichole
    $800 12
coconut water

Kris
    $800 27
(Alex: [Before reading the clue] Less than a minute now.)

Van Halen

Nichole
    $800 2
little feet

Kris
    $800 7
Ignatius of Loyola

Nichole
    $800 22
house mouse

Allen
    $1200 18
the Berlin Wall

Kris
    $3,100 13
(Alex: which is good to the last drop. You're right.)

Maxwell House

Kris
    $1200 28
U2

Kris
    $1200 3
midnight oil

Kris
    $1200 8
Timon of Athens

Triple Stumper
    $1,000 23
pygmies

Allen
    $1600 19
Erle Stanley Gardner

Triple Stumper
    $1600 16
Hawaiian Punch

Allen
    $1600 29
Red Hot Chili Peppers

Nichole
    $1600 4
beyond the pale

Nichole
    $1600 9
Joseph of Arimathea

Nichole
    $1600 24
pocket mouse

Triple Stumper
    $2000 20
Sir Walter Scott

Triple Stumper
    $2000 17
Mr and Mrs T

Nichole
    $2000 30
My Chemical Romance

Triple Stumper
    $2000 5
time and tide

Kris
    $2000 10
William of Orange

Triple Stumper
    $2000 25
Hantavirus

Allen

Scores at the end of the Double Jeopardy! Round:

Kris Nichole Allen
$19,100 $10,600 $10,000

[wagering suggestions for these scores]

Final Jeopardy! Round responses

FIGHTING MONARCHS
(Alex: Obviously not a 42 regular, more like a portly tall. Let's see if you were able to identify the monarch.)
AllenWho is Charles I?
$10,000
NicholeWho is Henry VIII
$10,500
KrisWho is Louis 14
$2,111
Henry VIII

Final scores:

Kris Nichole Allen
$16,989 $21,100 $0
2nd place: $2,000 New champion: $21,100 3rd place: $1,000

Game dynamics:

Coryat scores:

Kris Nichole Allen
$16,000 $10,600 $10,200
20 R
(including 2 DDs),
1 W
16 R,
3 W
14 R
(including 1 DD),
1 W

Combined Coryat: $36,800

[game clues] [game scores] [suggest correction]

Game tape date: 2012-09-18
The J! Archive is created by fans, for fans. Scraping, republication, monetization, and malicious use prohibited; this site may use cookies and collect identifying information. See terms. The Jeopardy! game show and all elements thereof, including but not limited to copyright and trademark thereto, are the property of Jeopardy Productions, Inc. and are protected under law. This website is not affiliated with, sponsored by, or operated by Jeopardy Productions, Inc. Join the discussion at JBoard.tv.